Az Eperjesi (Presov) Egyetem Zene- és Képzőművészeti Intézet Zenei Tanszékének művészeti együttesei

Elmentve itt :
Bibliográfiai részletek
Szerző: Medňanská Irena
Testületi szerző: Művészetek kölcsönhatása (2015) (Szeged)
További közreműködők: Maruzsné Sebó Katalin
Dokumentumtípus: Könyv része
Megjelent: SZTE JGYPK Művészeti Intézet Ének-zene Tanszék Szeged 2016
Sorozat:A Juhász Gyula Pedagógusképző Kar Ének-Zene Tanszékének kiadványai
Művészetek kölcsönhatása : tanulmánykötet
Nemzetközi Zenei Konferencia
Kulcsszavak:Zenei nevelés - Szlovákia - regionális, Eperjes, Zeneművészet - Eperjes, Zenei élet - Eperjes
Tárgyszavak:
Online Access:http://acta.bibl.u-szeged.hu/76658
LEADER 01298naa a2200277 i 4500
001 acta76658
005 20260313084015.0
008 221017s2016 hu o 100 hun d
020 |a 978 615 5455 57 5 
040 |a SZTE Egyetemi Kiadványok Repozitórium  |b hun 
041 |a hun 
100 1 |a Medňanská Irena 
245 1 3 |a Az Eperjesi (Presov) Egyetem Zene- és Képzőművészeti Intézet Zenei Tanszékének művészeti együttesei  |h [elektronikus dokumentum] /  |c  Medňanská Irena 
260 |a SZTE JGYPK Művészeti Intézet Ének-zene Tanszék  |b Szeged  |c 2016 
300 |a 191-202 
490 0 |a A Juhász Gyula Pedagógusképző Kar Ének-Zene Tanszékének kiadványai 
490 0 |a Művészetek kölcsönhatása : tanulmánykötet 
490 0 |a Nemzetközi Zenei Konferencia 
650 4 |a Társadalomtudományok 
650 4 |a Oktatástudomány 
650 4 |a Bölcsészettudományok 
650 4 |a Művészetek (művészetek, művészettörténet, előadóművészetek, zene) 
695 |a Zenei nevelés - Szlovákia - regionális, Eperjes, Zeneművészet - Eperjes, Zenei élet - Eperjes 
700 0 2 |a Maruzsné Sebó Katalin 
710 |a Művészetek kölcsönhatása (2015) (Szeged) 
856 4 0 |u http://acta.bibl.u-szeged.hu/76658/1/enek_zene_tanszek_2016_191-202.pdf  |z Dokumentum-elérés